000 01453pab a2200169 454500
008 180718b2005 xxu||||| |||| 00| 0 eng d
100 _aRice, Eric et al.
245 _aThe effects of peer group network properties on drug use among homeless youth
260 _c2005
300 _ap.1102-123.
362 _aApr
520 _aThe authors examine how the properties of peer networks affect amphetamine, cocaine, and injection drug use over 3 months among newly homeless addolescents, aged 12 to 20 in Los Angeles (n= 217.83% retention of 3 months) and Melbourne (n = 119; 72% retention at 3 months). Several hypotheses regarding the effects of social network properties on the peer influence process are developed. Multivariate logistic regression analyses show that higher concentrations of homeless peers in networks at recruitment were associated with increased likelihood of amphetamine and cocaine use at 3-months follow-up. Higher concentrations of injecting peers were associated with increased risk of injection drug use 3 months later. Change in network structure over time toward increased concentrations of homeless peers was associated with increased risk of cocaine use and injecting. Higher density networks at baseline were positively associated with increased likelihood of cocaine and amphetamine use at 3 months. - Reproduced.
650 _aYouth
650 _aHomeless
773 _aAmerican Behavioral Scientist
909 _a64703
999 _c64703
_d64703